Con người và môi trường /

Đã lưu trong:
书目详细资料
主要作者: Nguyễn Thị Ngọc Ẩn.
格式: Sách giấy
语言:Vietnamese
出版: TP.HCM : ĐHQG , 2000
主题:
标签: 添加标签
没有标签, 成为第一个标记此记录!
Thư viện lưu trữ: Thư viện Trường Đại học Đà Lạt
LEADER 00677nam a2200253 4500
001 DLU040026074
005 ##20040219
041 # # |a vie 
082 # # |a 333.7  |b NG-A 
100 # # |a Nguyễn Thị Ngọc Ẩn. 
245 # # |a Con người và môi trường /  |c Nguyễn Thị Ngọc Ẩn. 
260 # # |a TP.HCM :  |b ĐHQG ,  |c 2000 
300 # # |a 198 tr.;   |c 20 cm. 
650 # # |a Khoa học môi trường  |v Giáo trình. 
650 # # |a Sinh thái học môi trường  |v Giáo trình. 
992 # # |a 16500 
994 # # |a DLU 
900 # # |a True 
911 # # |a Nguyễn Thị Tố Hạnh 
925 # # |a G 
926 # # |a A 
927 # # |a SH 
980 # # |a Thư viện Trường Đại học Đà Lạt